S výzkumem do Evropy. 2

Návrh Ministerstva pre hospodársku politiku a rozvoj ČR v oblasti vedy a výskumu. Hlavným cieľom je vytvoriť priaznivú spoločenskú klímu pre rozvoj vedy, ktorá sa stáva súčasťou podnikateľskej aktivity. Prezentácia navrhnutých základných výskumných programov. Zámer podporovať z centra tvorivé tímy a...

Descrizione completa

Salvato in:
Dettagli Bibliografici
Autore principale: Koudelák, A.
Natura: Capitolo di libro
Lingua:ceco
Soggetti:
Tags: Aggiungi Tag
Nessun Tag, puoi essere il primo ad aggiungerne!!

MARC

LEADER 00000naa a2200000 4500
001 r004355
005 20221125080715.8
041 0 |a cze 
044 |a [CS] 
245 1 0 |a S výzkumem do Evropy. 2  |c A. Koudelák 
520 |a Návrh Ministerstva pre hospodársku politiku a rozvoj ČR v oblasti vedy a výskumu. Hlavným cieľom je vytvoriť priaznivú spoločenskú klímu pre rozvoj vedy, ktorá sa stáva súčasťou podnikateľskej aktivity. Prezentácia navrhnutých základných výskumných programov. Zámer podporovať z centra tvorivé tímy a jednotlivcov a zaviesť grantový systém. Základné hľadiská výberu projektov podporovaných centrom. Problematika financovania. 
610 2 0 |a MHPaR ČR 
610 2 0 |a rozvoj vedeckotechnický 
610 2 0 |a výskum 
610 2 0 |a klíma sociálna 
610 2 0 |a podnikanie 
610 2 0 |a financovanie vývoja 
610 2 0 |a programy výskumné 
610 2 0 |a Čechy 
100 1 |a Koudelák, A.